Využitie konceptu „Digitálny podnik“ v oblasti ergonómie v kontexte udržateľného pracovného výkonu zamestnancov

V súčasnosti sa v podnikovej praxi čoraz častejšie presadzuje fenomén konceptu Digitálny podnik. Koncept „Digitálny podnik“ predstavuje všeobecné názvoslovie pre komplexnú sieť digitálnych modelov, metód, techník a nástrojov zahrňujúci simuláciu a vizualizáciu virtuálnej reality, ktoré sú integrovan...

Descrizione completa

Salvato in:
Dettagli Bibliografici
Autore principale: Beňo, Rastislav
Altri autori: Jakábová, Martina
Natura: Capitolo di libro
Lingua:slovacco
Soggetti:
Tags: Aggiungi Tag
Nessun Tag, puoi essere il primo ad aggiungerne!!

MARC

LEADER 00000nla a2200000 4500
001 0198160
005 20240417075053.8
041 0 |a slo 
044 |a SK 
245 1 0 |a Využitie konceptu „Digitálny podnik“ v oblasti ergonómie v kontexte udržateľného pracovného výkonu zamestnancov  |c Rastislav Beňo, Martina Jakábová 
520 |a V súčasnosti sa v podnikovej praxi čoraz častejšie presadzuje fenomén konceptu Digitálny podnik. Koncept „Digitálny podnik“ predstavuje všeobecné názvoslovie pre komplexnú sieť digitálnych modelov, metód, techník a nástrojov zahrňujúci simuláciu a vizualizáciu virtuálnej reality, ktoré sú integrované do kontinuálneho dátového manažmentu. Rovnako nemenej dôležitý fenomén, ktorý ovplyvňuje chápanie postavenia nie len človeka ako objektu a zároveň subjektu všetkých snažení je koncept udržateľného spoločensky zodpovedného podnikania. Predstavenie využitia oblasti digitálneho podniku v ergonómii s ohľadom na udržateľný výkon zamestnancov. 
610 2 0 |a ergonómia 
610 2 0 |a podnik virtuálny 
610 2 0 |a rozvoj trvalo udržateľný 
610 2 0 |a prostredie podnikové 
610 2 0 |a simulácia 
100 1 |a Beňo, Rastislav 
700 1 |a Jakábová, Martina